banner-ar

حروب نابليون فى اوروبا من سنة 1796 الى سنة 1815 / (Record no. 42229)

MARC details
000 -الفاتح
حقل البيانات ثابتة الطول 00730nam a2200229Ia 4500
008 - عناصر البيانات ثابتة الطول - معلومات عامة
حقل البيانات ثابتة الطول 140319s9999 xx 000 0 ara d
040 ## - مصدر الفهرسة
وكالة الفهرسة الأصلية GCL /
وكالة النسخ GCL
082 04 - رقم تصنيف ديوى العشرى
رقم التصنيف 940.27
رقم المادة ك ح
100 1# - المدخل الرئيسى - إسم شخصى
الإسم الشخصى كوك, ماى
245 10 - بيان العنوان
العنوان حروب نابليون فى اوروبا من سنة 1796 الى سنة 1815 /
بيان المسئوليه,etc كوك, ماى
700 1# - المدخل الاضافى - اسم شخصى
الإسم الشخصى سفولك، من الاى
700 1# - المدخل الاضافى - اسم شخصى
الإسم الشخصى محمد شفيق امين (معرب)
700 1# - المدخل الاضافى - اسم شخصى
الإسم الشخصى محمد سليمان هجرس (معرب)
300 ## - الوصف المادى
التعداد 210
490 ## - بيان السلسلة
عنوان السلسلة كتاب
رقم المجلد/ التعيين التسلسلي 0
650 04 - المدخل الاضافى بالموضوع-مصطلح موضوعى
مصطلح موضوعي نابليون بونابرت
650 04 - المدخل الاضافى بالموضوع-مصطلح موضوعى
مصطلح موضوعي الحروب النابليونية (1790 - 181
650 04 - المدخل الاضافى بالموضوع-مصطلح موضوعى
مصطلح موضوعي اوربا
650 04 - المدخل الاضافى بالموضوع-مصطلح موضوعى
مصطلح موضوعي اوربا - تاريخ
942 ## - عناصر المدخل الإضافي( كوها)
مصدر التصنيف او مخطط الترفيف Dewey Decimal Classification
Koha [default] item type كتاب
Holdings
حالة التراجع حالة الفقد حالة تلف ليس للاعارة المكان المؤقت الموقع الحالى تاريخ الاكتساب اجمالي اﻻعارات رقم الطلب الباركود تاريخ اخر مشاهدة تاريخ تفعيل السعر نوع وعاء كوها
        مكتبة القاهرة الكبرى مكتبة القاهرة الكبرى 03/26/2014   940.27\ك ح 102060 03/26/2014 03/26/2014 كتاب

Powered By

EGPV